| 000 | 01322cam a2200301 a 4500 | ||
|---|---|---|---|
| 999 |
_c50437 _d50437 |
||
| 001 | 13682855 | ||
| 005 | 20200207143110.0 | ||
| 008 | 040810r20041988nyua b 001 0 eng | ||
| 010 | _a 2004056229 | ||
| 020 | _a0486438341 (pbk.) | ||
| 040 |
_aDLC _cDLC _dDLC |
||
| 041 | _aeng | ||
| 050 | 0 | 0 |
_aQA374 _b.C649 2004 |
| 080 | _a517.1 C-71 | ||
| 082 | 0 | 0 |
_a515/.353 _222 |
| 100 | 1 |
_aColton, David L., _d1943- _96890 |
|
| 245 | 1 | 0 |
_aPartial differential equations : _ban introduction / _cDavid Colton. |
| 260 |
_aMineola, N.Y. : _bDover Publications, _c2004. |
||
| 300 |
_aix, 308 p. : _bill. ; _c23 cm. |
||
| 500 | _aOriginally published: New York : Random House, c1988, in series: Random House/Birkhäuser mathematics series. | ||
| 504 | _aIncludes bibliographical references (p. 300-303) and index. | ||
| 650 | 0 |
_aDifferential equations, Partial. _96891 |
|
| 653 | _aნაწილობრივი დიფერენციალური განტოლებები | ||
| 856 | 4 | 2 |
_3Publisher description _uhttp://www.loc.gov/catdir/enhancements/fy0707/2004056229-d.html |
| 906 |
_a7 _bcbc _corignew _d1 _eocip _f20 _gy-gencatlg |
||
| 942 |
_2udc _cBK |
||
| 955 |
_apc15 2004-08-10 to ASCD _ajp03 2004-08-13 _ijp03 2004-08-13 to SL _aaa07 2004-08-18 _aps05 2005-02-11 1 copy rec'd., to CIP ver. _ajp00 2005-02-15 |
||